| 000 | 01274nam a2200301Ia 4500 | ||
|---|---|---|---|
| 001 | 2601 | ||
| 008 | 230305s9999 xx 000 0 und d | ||
| 020 | _a9781729136515 | ||
| 040 | _ctbs | ||
| 041 | _aeng | ||
| 043 | _aen_UK | ||
| 245 | 0 | _aSocial media marketing for the future | |
| 260 | _b[Publisher not identified], | ||
| 262 |
_bNULL _aNULL |
||
| 300 | _a109 pages : illustratons ; 23 cm | ||
| 500 | _astrategies for 2020 & beyond | ||
| 520 | _aSocial media marketing is not an option anymore. Your customers--no matter who they are--expect you to reach them the way they communicate. The vast majority of companies have inadequate social media marketing strategies. Most companies are playing catch-up with current digital marketing trends and their strategies will be outdated by the time the company has mastered them. To successfully market on social media, you need to be prepared for the future. Social media changes rapidly and frequently. | ||
| 650 |
_aInternet in public relations _99547 |
||
| 650 | 0 |
_aInternet marketing _91133 |
|
| 650 | 0 |
_aSocial media _91729 |
|
| 650 | 0 |
_aPublic relations _92442 |
|
| 650 | 0 |
_aBusiness _94291 |
|
| 700 |
_aFord, James E. _eAuthor _922087 |
||
| 902 | _a695 | ||
| 905 | _am | ||
| 942 |
_a1 _2ddc |
||
| 999 |
_c2508 _d2508 |
||